General Knowledge Trivia - Statistics

General Stats
  • This quiz has been taken 51 times
  • The average score is 7 of 10
Answer Stats
Hint Answer % Correct
What is the mean of the Spanish word “tu”? You
91%
What is the Youtube equivalent to a heart or upvote? Like
87%
In shorthand writing, what does “w/“ mean? With
87%
What is Maine’s state abbreviation? Me
83%
An interrobang is a punctuation mark made of an exclamation point and what other punctuation? ?
81%
Tuvalu is known for for its internet domain .tv, but what is Tonga’s? To
79%
What is the first word of Hamlet’s most famous monologue? To
79%
What word is a modal auxiliary verb used primarily to express the past tense of "will”? Would
60%
What ancient board game originated in China 3,000 years ago? Go
32%
What is the abbreviation for a non-volatile, user-programmable memory chip, allowing data to be written once after manufacturing? Prom
13%
No matching quizzes found
Score Distribution
Percent of People with Each Score
Percentile by Number Answered
Your Score History
You have not taken this quiz